Social Science Sample Paper-Class-10 (Record no. 12214)

MARC details
000 -LEADER
fixed length control field 00263nam a22000977a 4500
008 - FIXED-LENGTH DATA ELEMENTS--GENERAL INFORMATION
fixed length control field 221215b |||||||| |||| 00| 0 eng d
020 ## - INTERNATIONAL STANDARD BOOK NUMBER
International Standard Book Number 9789355614747
100 ## - MAIN ENTRY--PERSONAL NAME
Personal name Educart
9 (RLIN) 7648
245 ## - TITLE STATEMENT
Title Social Science Sample Paper-Class-10
260 ## - PUBLICATION, DISTRIBUTION, ETC. (IMPRINT)
Place of publication, distribution, etc. New Delhi
Name of publisher, distributor, etc. Aggarwal
Date of publication, distribution, etc. 2022
Holdings
Withdrawn status Lost status Source of classification or shelving scheme Damaged status Koha normalized classification for sorting Not for loan Home library Current library Shelving location Date acquired Total Checkouts Total Renewals Full call number Barcode Date last seen Date last checked out Price effective from Koha item type
    Dewey Decimal Classification   EDU_300_000000000000000   Good Samaritan School Library Good Samaritan School Library FICTION 12/15/2022 2 1 EDU300 EDU17446 02/10/2023 01/25/2023 12/15/2022 BOOK

Powered by Koha